000 00732nam a22002417a 4500
999 _c385213
_d385213
001 98855
003 UA-OsUOA
005 20200805005853.0
007 ta
008 20130418b un ||||| |||| 00| 0 ukr d
040 _aUA-OsUOA
_brus
_cUA-OsUOA
_dUA-OsUOA
041 _arus
080 _a821.161.1
090 _a821.161.1
_bР67
100 _aРоллан Р.
245 _aСобрание сочинений в четырнадцати томах: очарованная душа
_nт. 9
246 3 1 _nкн. 3
260 _aМ.
_bХудожественная литература
_c1956
300 _a324 с.
650 7 _a82 Література. Літературознавство
_2UDC
942 _cBK
_2udc
955 _a3